ბათუმის შოთა რუსთაველის სახელმწიფო უნივერსიტეტის ბიბლიოთეკა

British factory Japanese factory : (ბიბ.ჩანაწერი № 63965)

000 -LEADER
fixed length control field 00799nam a22001937a 4500
005 - DATE AND TIME OF LATEST TRANSACTION
control field 20260227123702.0
008 - FIXED-LENGTH DATA ELEMENTS--GENERAL INFORMATION
fixed length control field 260227s1990 enk||||| |||| 00| 0 eng d
020 ## - INTERNATIONAL STANDARD BOOK NUMBER
International Standard Book Number 9780520024953x
041 ## - LANGUAGE CODE
Language code of text/sound track or separate title eng
080 ## - UNIVERSAL DECIMAL CLASSIFICATION NUMBER
Universal Decimal Classification number 331(410) :331](520) D-74
100 ## - MAIN ENTRY--PERSONAL NAME
Personal name Dore, Ronald.
9 (RLIN) 26980
245 ## - TITLE STATEMENT
Title British factory Japanese factory :
Remainder of title The origins of national diversity in industrial relations /
Statement of responsibility, etc. Ronald Dore.
264 ## - PRODUCTION, PUBLICATION, DISTRIBUTION, MANUFACTURE, AND COPYRIGHT NOTICE
Place of production, publication, distribution, manufacture Berkeley :
Name of producer, publisher, distributor, manufacturer University of California press,
Date of production, publication, distribution, manufacture, or copyright notice 1990.
300 ## - PHYSICAL DESCRIPTION
Extent 467 p.;
Other physical details 23 cm.
440 ## - SERIES STATEMENT/ADDED ENTRY--TITLE
Title Social science. Economics. Asian Studies
9 (RLIN) 27014
653 ## - INDEX TERM--UNCONTROLLED
keyword შრომითი ურთიერთობები ინგლისში
653 ## - INDEX TERM--UNCONTROLLED
keyword შრომითი ურთიერთობები იაპონიაში
942 ## - ADDED ENTRY ELEMENTS (KOHA)
Source of classification or shelving scheme
Koha item type წიგნი
ეგზემპლარები
Withdrawn status Lost status Source of classification or shelving scheme Damaged status Not for loan Permanent Location Current Location Shelving location Date acquired Cost, normal purchase price Full call number Barcode Date last seen Copy number Uniform Resource Identifier Price effective from Koha item type Public note
          ბათუმის შოთა რუსთაველის სახელმწიფო უნივერსიტეტის მთავარი ბიბლიოთეკა ბათუმის შოთა რუსთაველის სახელმწიფო უნივერსიტეტის მთავარი ბიბლიოთეკა წიგნსაცავი 2026-02-27 15.00 331(410) :331](520) D-74 73824 2026-02-27 73824 იაპონიის ელჩის საჩუქარი 2026-02-27 წიგნი 15 ლ.